| 000 | 01004nam a22002897a 4500 | ||
|---|---|---|---|
| 003 | CHAP | ||
| 005 | 20220329140115.0 | ||
| 008 | 971013s1974 r 00010 d | ||
| 010 | _a47073 | ||
| 011 | _a48045 | ||
| 035 | _a52189 | ||
| 040 | _cCHAP | ||
| 090 | _aTesis | ||
| 100 | 0 | 0 |
_aValencia Franco, Samuel. _9117409 |
| 245 | _aEfectos de diferentes espaciamientos en el desarrollo y producción de calabacita (Cucurbita pepo L.) en el campo agropecuarios experimental de la F.A.U.A.N.L. | ||
| 260 |
_aMonterrey, N.L. : _bEl autor, _c1974 |
||
| 300 |
_a39 h. _b; gráfs. |
||
| 502 | _aTesis (Ing. Agrónomo) -- Univ. Autónoma de Nuevo León. Fac. de Agronomía | ||
| 590 |
_aALEPH _b10 _c20130110 _lUCH01 _h1316 |
||
| 590 |
_aBATCH-UPD _b10 _c20130110 _lUCH01 _h1950 |
||
| 590 |
_aCONVERSION _b10 _c20130109 _lUCH01 _h1326 |
||
| 650 | 1 | 4 |
_aCalabaza _xEspaciamiento. _917270 |
| 650 | 1 | 4 |
_aCalabaza _xRendimiento. _917294 |
| 901 | _aBK | ||
| 942 | _cTESIS | ||
| 949 |
_bBC _cTES _d-116377 _eTS1 _i52189 _si |
||
| 999 |
_c47073 _d47073 |
||